000 00914 aa a2200229 4500
005 20120519131934.0
010 _a
020 _c200.00
_a8181660293
035 _aB-140545
037 _bpub
082 _a509.2
100 _aमहंती, सुबोध
_947484
245 _aविज्ञान के अनन्य पथिक /
_cसुबोध महंती
_b
246 _a
_b
260 _aदिल्ली
_bमेधा बुक्स
_c2005
270 _a
_bनई दिल्ली
_e
_k
300 _a254पृ
_c22 सेमी (सजिल्द)
650 _aहिन्दी उपन्यास
_947485
650 _aHindi Novel
_947486
942 _adpl
_cHN
_k
_2ddc
_h509.2
_mमहंती
999 _c66916
_d66916